Walden, or life in the Woods and on the duty of civil disobedience / (Record no. 258814)
[ view plain ]
| 000 -LEADER | |
|---|---|
| fixed length control field | 00988nam a2200277 a 4500 |
| 001 - CONTROL NUMBER | |
| control field | 000698755 |
| 003 - CONTROL NUMBER IDENTIFIER | |
| control field | AM-YeHGA |
| 005 - DATE AND TIME OF LATEST TRANSACTION | |
| control field | 20250617142501.0 |
| 008 - FIXED-LENGTH DATA ELEMENTS--GENERAL INFORMATION | |
| fixed length control field | 091119s1960 nyu r 000 0 eng d |
| 040 ## - CATALOGING SOURCE | |
| Original cataloging agency | AM-YeHGA |
| 041 0# - LANGUAGE CODE | |
| Language code of text/sound track or separate title | eng |
| 090 ## - LOCALLY ASSIGNED LC-TYPE CALL NUMBER (OCLC); LOCAL CALL NUMBER (RLIN) | |
| -- | 260424 |
| 100 1# - MAIN ENTRY--PERSONAL NAME | |
| Personal name | Thoreau, Henry David, |
| Dates associated with a name | 1817-1862. |
| 245 10 - TITLE STATEMENT | |
| Title | Walden, or life in the Woods and on the duty of civil disobedience / |
| Statement of responsibility, etc. | By Henry David Thoreau ; With an afterwood by Perry Miller. |
| 260 ## - PUBLICATION, DISTRIBUTION, ETC. | |
| Place of publication, distribution, etc. | New York : |
| Name of publisher, distributor, etc. | New American Library, |
| Date of publication, distribution, etc. | [1960]. |
| 300 ## - PHYSICAL DESCRIPTION | |
| Extent | v, 255 p. ; |
| Dimensions | 18 cm. |
| 490 1# - SERIES STATEMENT | |
| Series statement | A Signet Classic |
| Volume/sequential designation | CD 32 |
| 504 ## - BIBLIOGRAPHY, ETC. NOTE | |
| Bibliography, etc. note | Includes bibliographical references |
| 600 14 - SUBJECT ADDED ENTRY--PERSONAL NAME | |
| Personal name | Thoreau, Henry David, |
| Dates associated with a name | 1817-1862 |
| General subdivision | Homes and haunts |
| Geographic subdivision | Massachusetts |
| -- | Walden Woods |
| 650 14 - SUBJECT ADDED ENTRY--TOPICAL TERM | |
| Topical term or geographic name entry element | Solitude |
| 650 14 - SUBJECT ADDED ENTRY--TOPICAL TERM | |
| Topical term or geographic name entry element | Civil disobedience |
| 650 14 - SUBJECT ADDED ENTRY--TOPICAL TERM | |
| Topical term or geographic name entry element | Wilderness areas |
| Geographic subdivision | Massachusetts |
| -- | Walden Woods |
| 651 #4 - SUBJECT ADDED ENTRY--GEOGRAPHIC NAME | |
| Geographic name | Walden Woods (Mass.) |
| General subdivision | Social life and customs |
| 700 1# - ADDED ENTRY--PERSONAL NAME | |
| Personal name | Miller, Perry |
| Relationship | aft |
| 830 #0 - SERIES ADDED ENTRY--UNIFORM TITLE | |
| Uniform title | A Signet Classic |
| Volume/sequential designation | CD 32 |
| Withdrawn status | Lost status | Source of classification or shelving scheme | Damaged status | Not for loan | Collection | Home library | Current library | Date acquired | Total checkouts | Full call number | Barcode | Date last seen | Price effective from | Koha item type | Public note |
|---|---|---|---|---|---|---|---|---|---|---|---|---|---|---|---|
| Universal Decimal Classification | Terzian Individual Collection | Fundamental Scientific Library | Fundamental Scientific Library | 29/12/2016 | Terz/ 1427 | FL0135880 | 29/12/2016 | 29/12/2016 | Գրքեր / Books | ILL Non-Circ. |
ՀՀ Գիտությունների ազգային ակադեմիայի հիմնարար գիտական գրադարան = Fundamental Scientific Library of NAS RA
All site content, except where otherwise noted, is licensed under a